Представление документа в формате MARC21

ПолеНазваниеЗначение
  Тип записи a
  Библиографический уровень m
001 Контрольный номер RU\infra-m\znanium\bibl\2235901
005 Дата корректировки 20260429142326.6
008 Кодируемые данные 251231s2025 RU g rus u
020 Индекс ISBN __
a ISBN 978-5-16-010072-2
020 Индекс ISBN __
a ISBN 978-5-16-101787-6 (электр. издание)
040 Источник каталогиз. __
a Служба первич. каталог. Общество с ограниченной ответственностью «ЗНАНИУМ»
041 Код языка издания __
a Код языка текста rus
044 Код страны публикации __
a Код страны публикации RU
080 Индекс УДК __
a Индекс УДК 51(075.8)
084 Индекс другой классификации/Индекс ББК __
2 Источник индекса rubbk
a Индекс другой классификации/Индекс ББК 22.11я73
084 Индекс другой классификации/Индекс ББК __
2 Источник индекса okso
a Индекс другой классификации/Индекс ББК 00.03.06
084 Индекс другой классификации/Индекс ББК __
2 Источник индекса okso
a Индекс другой классификации/Индекс ББК 00.05.06
100 Автор __
a Автор Шипачев В.С.
q Полное имя Шипачев Виктор Семенович
u Дополнение Московский государственный университет им. М.В. Ломоносова, факультет вычислительной математики и кибернетики
245 Заглавие __
a Заглавие Высшая математика
b Продолж. заглавия Учебник
c Ответственность Московский государственный университет им. М.В. Ломоносова, факультет вычислительной математики и кибернетики
250 Сведения об издании __
a Основные сведения об издании 1
260 Выходные данные __
a Место издания Москва
b Издательство ООО "Научно-издательский центр ИНФРА-М"
c Дата издания 2026
300 Физическое описание __
a Объем 479 с.
440 Серия __
a Серия Высшее образование
520 Аннотация __
a Аннотация Изложены элементы теории множеств и вещественных чисел числовые последовательности и теория пределов аналитическая геометрия на плоскости и в пространстве основы дифференциального и интегрального исчислений функций одной и нескольких переменных элементы высшей алгебры теория рядов и обыкновенные дифференциальные уравнения. Теоретический материал иллюстрируется большим количеством примеров. Соответствует требованиям Федерального государственного образовательного стандарта высшего образования последнего поколения. Для студентов высших учебных заведений.
521 Примеч. о цел. назн. __
a Примеч. о целев. назн. ВО - Бакалавриат
650 Тематические рубрики __
a Основная рубрика Физико-математические науки
x Основная подрубрика Основы высшей математики
655 Указ. предметных рубрик (устаревшее) __
a Жанр/ форма (устаревшее) Учебник
856 Электронный адрес документа 4_
a Имя сервера/домена znanium.ru
m Помощь ebs_support@infra-m.ru
n Местонахождение сервера НИЦ ИНФРА-М
u URL https://znanium.ru/catalog/document?id=476040
856 Электронный адрес документа 48
a Имя сервера/домена znanium.ru
d Путь /cover/2235
f Электронное имя 2235901.jpg
q Тип электронного формата image/jpeg
u URL https://znanium.ru/cover/2235/2235901.jpg
911 __
u 0030=https://znanium.ru/catalog/document?id=476040